Missing Word: Entertainment G Quiz Stats

 Plays Quiz Updated Apr 4, 2016

Challenge
Share
Tweet
Embed
Score 0/20 Timer 04:00
0 Plays Today
Hint Answer % Correct
BookGone
98.5%
MovieGuess
97.8%
BookGrapes
96%
BookGables
93.7%
AlbumGoing
93.3%
MusicalGirl
92.7%
MusicalGentlemen
91.6%
MovieGrit
90.9%
MovieGangs
90.7%
BookGulliver's
89.1%
Hint Answer % Correct
BookGoodbye
84.7%
MovieGlengarry
72%
MusicalGame
69.1%
AlbumGrip
65.3%
MusicalGal
60.5%
MovieGlory
56.8%
AlbumGhost
39.5%
MusicalGeorge
38.6%
AlbumGolden
37.6%
AlbumGears
23%

Today's Daily Dose

You're not logged in!

Compare scores with friends on all Sporcle quizzes.
Join for Free
OR
Log In

You Might Also Like...

Show Comments

Extras

Top Quizzes Today


Score Distribution

Your Account Isn't Verified!

In order to create a playlist on Sporcle, you need to verify the email address you used during registration. Go to your Sporcle Settings to finish the process.

Report this User

Report this user for behavior that violates our Community Guidelines.

Details: